15 Most Expensive Fenerbahçe Departures - Statistics

General Stats
  • This quiz has been taken 200 times
  • The average score is 11 of 15
Answer Stats
Age Nat. Season Joined Fee Answer % Correct
19 North Macedonia 19/20 SSC Napoli €16.10m Eljif Elmas
93%
29 Senegal / France 15/16 Al-Ahli (UAE) €16.00m Moussa Sow
93%
26 Kosovo / Albania 20/21 Lazio €18.50m Vedat Muriqi
92%
28 Denmark 17/18 Sevilla FC €12.50m Simon Kjær
89%
24 Nigeria 11/12 Spartak Moscow €10.00m Emmanuel Emenike
84%
27 France 06/07 Bolton €12.00m Nicolas Anelka
80%
24 Bosnia-Herzegovina / Turkey 99/00 Real Madrid €21.00m Elvir Baljic
78%
24 Nigeria / Turkey 98/99 Paris SG €12.40m Jay-Jay Okocha
76%
28 Brazil 18/19 Al-Nassr €10.50m Giuliano
73%
29 Brazil 18/19 Ahli €12.00m Josef de Souza
70%
29 Portugal / Cape Verde 16/17 Valencia €8.50m Nani
65%
31 Senegal / France 11/12 Al-Sadd SC €7.50m Mamadou Niang
60%
28 Argentina 02/03 Newell's €5.00m Ariel Ortega
52%
28 Brazil 11/12 Arsenal €7.00m André Santos
51%
27 Romania 00/01 FC Nantes €5.00m Viorel Moldovan
29%
No matching quizzes found
Score Distribution
Percent of People with Each Score
Percentile by Number Answered
Your Score History
You have not taken this quiz